Geology and ore deposits of the Chichagof mining district, Alaska, (Record no. 27862)
[ view plain ]
| 000 -LEADER | |
|---|---|
| fixed length control field | 01147cam a22002891 4500 |
| 001 - CONTROL NUMBER | |
| control field | gs 42000366 |
| 003 - CONTROL NUMBER IDENTIFIER | |
| control field | DLC |
| 005 - DATE AND TIME OF LATEST TRANSACTION | |
| control field | 20260227111348.0 |
| 008 - FIXED-LENGTH DATA ELEMENTS--GENERAL INFORMATION | |
| fixed length control field | 800923s1941 dcuabf f000 0 eng |
| 010 ## - LIBRARY OF CONGRESS CONTROL NUMBER | |
| LC control number | gs 42000366 |
| 035 ## - SYSTEM CONTROL NUMBER | |
| System control number | (OCoLC)6743122 |
| 040 ## - CATALOGING SOURCE | |
| Original cataloging agency | DLC |
| Transcribing agency | ICharE |
| Modifying agency | DLC |
| 043 ## - GEOGRAPHIC AREA CODE | |
| Geographic area code | n-us-ak |
| 050 00 - LIBRARY OF CONGRESS CALL NUMBER | |
| Classification number | QE75 |
| Item number | .B9 no. 929 |
| 051 ## - LIBRARY OF CONGRESS COPY, ISSUE, OFFPRINT STATEMENT | |
| Classification number | QE84.C53 |
| Item number | R4 |
| 100 1# - MAIN ENTRY--PERSONAL NAME | |
| Personal name | Reed, John Calvin, |
| Dates associated with a name | 1905- |
| 245 10 - TITLE STATEMENT | |
| Title | Geology and ore deposits of the Chichagof mining district, Alaska, |
| Statement of responsibility, etc. | by John C. Reed and Robert R. Coats. |
| 260 ## - PUBLICATION, DISTRIBUTION, ETC. | |
| Place of publication, distribution, etc. | Washington, |
| Name of publisher, distributor, etc. | U.S. Govt. Print. Off., |
| Date of publication, distribution, etc. | 1941. |
| 300 ## - PHYSICAL DESCRIPTION | |
| Extent | viii, 148 p. |
| Other physical details | incl. illus., tables, diagrs., 33 pl. (part fold., incl. maps) |
| Dimensions | 23 cm. |
| 490 0# - SERIES STATEMENT | |
| Series statement | U.S. Geological survey. Bulletin 929 |
| 500 ## - GENERAL NOTE | |
| General note | At head of title: U.S. Dept. of the Interior, Harold L. Ickes, secretary, Geological survey, W. C. Mendenhall, director. |
| 500 ## - GENERAL NOTE | |
| General note | Fourteen of the plates are in separate case. |
| 504 ## - BIBLIOGRAPHY, ETC. NOTE | |
| Bibliography, etc. note | Includes bibliographies. |
| 650 #0 - SUBJECT ADDED ENTRY--TOPICAL TERM | |
| Topical term or geographic name entry element | Geology |
| Geographic subdivision | Alaska |
| -- | Chichagof Island. |
| 650 #0 - SUBJECT ADDED ENTRY--TOPICAL TERM | |
| Topical term or geographic name entry element | Gold mines and mining |
| Geographic subdivision | Alaska |
| -- | Chichagof Island. |
| 700 1# - ADDED ENTRY--PERSONAL NAME | |
| Personal name | Coats, Robert Roy, |
| Dates associated with a name | 1910- |
| Relator term | joint author. |
No items available.